| 000 | 00860nam0a22002411 4500 | ||
|---|---|---|---|
| 001 | rc\974176 | ||
| 005 | 20250622063143.0 | ||
| 035 | _a(NLR Aleph) 006142989 | ||
| 090 |
_a5681823 _c5681823 |
||
| 100 | _a20041129d1982 |||y0rusy50 ca | ||
| 101 | 0 | _arus | |
| 102 | _aRU | ||
| 105 | _aa ||||||||| | ||
| 200 | 1 |
_aКонтроль в системе управления социалистическим производством _eВопр. теории и практики |
|
| 210 |
_aМ. _cЭкономика _d1982 |
||
| 215 |
_a214 с. _cил. _d21 |
||
| 320 | _aБиблиогр.: с. 211-212 | ||
| 700 | 1 |
_4730 _7ca _8rus _aКочерин _bЕ. А. _cд-р экон. наук _gЕвгений Алексеевич _9238580 _3RU\NLR\AUTH\770238636 |
|
| 801 | 0 |
_aRU _bNLR _gpsbo |
|
| 801 | 1 |
_aRU _bELAR _2rusmarc |
|
| 852 |
_aNLR _j82-3/5751 |
||
| 942 | _cBOOK | ||
| 980 | _aNB | ||